Quiz de civilisation ! 1939-1972 - Statistiques

Statistiques générales
  • Ce quiz a été pris 19 fois
  • Le résultat moyen est 3 sur 33
Statistiques - réponses
Hint Réponse % Correct
Début exact de la Seconde Guerre Mondiale 1er Septembre 1939
76%
Attaque de Pearl Harbor Décembre 1941
41%
Fin de la guerre de Corée Juillet 1953
24%
Début de la guerre de Corée Juin 1950
24%
Création de l'Organisation des Nations Unies 1945
18%
Plan Marshall 1948
12%
Création de l'Organisation du Traité de l'Atlantique Nord 1949
12%
Invasion de la Corée du Sud par la Corée du Nord 1950
12%
Traité de Rome 1952
12%
Communauté Européenne du Charbon et de l'Acier 1952
12%
Couronnement d'Elisabeth II 1953
12%
Accords de Paris 1954
12%
Crise du Canal de Suez 1956
12%
La Grande Bretagne a demander à adhérer à la CECA en... 1963
12%
Mais a rejoint la CECA en.. 1972
12%
Début du Blitz Septembre 1940
12%
Mandat de Premier Ministre de Neville Chamberlain 1937-1940
6%
Indépendance du Kenya 1963
6%
Début de l'évacuation de Dunkerque 27 Mai 1940
6%
Fin de l'évacuation de Dunkerque 4 Juin 1940
6%
Nationalisation du canal de Suez Juillet 1956
6%
Date de l'invasion Russe Juin 1941
6%
Premier mandat de Premier Ministre de Winston Churchill 1940-1945
0%
Rapport Beveridge 1942
0%
Loi Butler 1944
0%
Loi sur les allocations familiales 1945
0%
Mandat de Premier Ministre de Clement Atlee 1945-1951
0%
Loi sur l'assurance nationale 1946
0%
Loi sur le service national de santé 1946, 1948
0%
Loi sur le logement 1946, 1949
0%
Allocations du gouvernement 1948
0%
Second mandat de Premier Ministre de Winston Churchill 1951-1955
0%
Fin du Blitz Mai 1941
0%
Aucun quiz correspondant
Distribution des résultats
% des personnes avec chaque résultat
Percentile par nombre de réponses
Votre historique - résultats
Vous n’avez pas pris ce quiz